LEADER 01058nam a2200313 i 4500 001 991004004239707536 008 030212s1985 xxka 000 0 eng d 020 $a0521347939 035 $ab11896139-39ule_inst 040 $aDip.to Matematica$beng 082 0 $a512.22$219 084 $aLC QA171.B93 084 $aAMS 14L35 100 1 $aBurn, R. P.$0532678 245 10$aGroups, a path to geometry /$cR. P. Burn 250 $a1st pbk. ed. with corr. 260 $aCambridge ; New York :$bCambridge University Press,$c1987 300 $axii, 242 p. :$bill. ;$c24 cm. 500 $aIncludes index. 504 $aBibliography: p. [236]-237. 650 0$aGroup theory 650 0$aTransformation groups 650 0$aGeometry 907 $a.b11896139$b21-09-06$c12-02-03 912 $a991004004239707536 945 $aLE013 14L BUR11 (1987)$g1$i2013000131436$lle013$op$pE34.35$q-$rl$s- $t0$u1$v0$w1$x0$y.i12157417$z12-02-03 996 $aGroups, a path to geometry$9902167 997 $aUNISALENTO 998 $ale013$b12-02-03$cm$da $e-$feng$gxxk$h0$i1 LEADER 01813oam 2200553I 450 001 9910711607703321 005 20181219094645.0 035 $a(CKB)5470000002485989 035 $a(OCoLC)953694702 035 $a(OCoLC)995470000002485989 035 $a(EXLCZ)995470000002485989 100 $a20160718d1965 ua 0 101 0 $aeng 135 $aurbn||||||||| 181 $ctxt$2rdacontent 182 $cc$2rdamedia 183 $acr$2rdacarrier 200 10$aIndex of surface-water records to December 31, 1963$hPart 14$iPacific slope basins in Oregon and lower Columbia River basin /$fby H.P. Eisenhuth 210 1$aWashington :$cUnited States Department of the Interior, Geological Survey,$d1965. 215 $a1 online resource (28 pages) $cmap 225 1 $aGeological Survey circular ;$v514 320 $aIncludes index. 517 3 $aPacific slope basins in Oregon and lower Columbia River basin 606 $aStream measurements$zColumbia River Watershed$vIndexes 606 $aStream measurements$zOregon$vIndexes 606 $aStreamflow$zOregon$vIndexes 606 $aStreamflow$zColumbia River Watershed$vIndexes 606 $aStream measurements$2fast 606 $aStreamflow$2fast 607 $aOregon$2fast 615 0$aStream measurements 615 0$aStream measurements 615 0$aStreamflow 615 0$aStreamflow 615 7$aStream measurements. 615 7$aStreamflow. 700 $aEisenhuth$b H. P.$01386245 712 02$aGeological Survey (U.S.), 801 0$bCOP 801 1$bCOP 801 2$bOCLCO 801 2$bOCLCA 801 2$bOCLCF 801 2$bOCLCA 801 2$bGPO 906 $aBOOK 912 $a9910711607703321 996 $aIndex of surface-water records to December 31, 1963$93435528 997 $aUNINA LEADER 04191nam 22007335 450 001 9910865265603321 005 20240611125606.0 010 $a9783031566875$b(electronic bk.) 010 $z9783031566868 024 7 $a10.1007/978-3-031-56687-5 035 $a(MiAaPQ)EBC31471476 035 $a(Au-PeEL)EBL31471476 035 $a(CKB)32274102500041 035 $a(MiAaPQ)EBC31472807 035 $a(Au-PeEL)EBL31472807 035 $a(DE-He213)978-3-031-56687-5 035 $a(EXLCZ)9932274102500041 100 $a20240611d2024 u| 0 101 0 $aeng 135 $aurcnu|||||||| 181 $ctxt$2rdacontent 182 $cc$2rdamedia 183 $acr$2rdacarrier 200 10$aAbiogenesis $eThe Physical Basis for Living Systems /$fby Laurel O. Sillerud 205 $a1st ed. 2024. 210 1$aCham :$cSpringer Nature Switzerland :$cImprint: Springer,$d2024. 215 $a1 online resource (858 pages) 311 08$aPrint version: Sillerud, Laurel O. Abiogenesis Cham : Springer,c2024 9783031566868 327 $aChapter 1. Energy-directed, Probabilistic, Self-Assembly -- Chapter 2. Can Energy direct probability? Energy, Entropy and the Boltzmann Distribution -- Chapter 3. Space-Time Symmetry and Conservation Laws as Organizing Principles of Matter and Fields -- Chapter 4. Quantum Mechanics: The Self-Assembly of Atoms -- Chapter 5. The Self-Assembly of Molecules: Molecular Quantum Mechanics -- Chapter 6. The Self Assembly of the Universe, and the Elements of the Periodic Table -- Chapter 7. Quantum Mechanical Spin Magnetic Resonance can determine the Structure of self-assembled Molecules -- Chapter 8. Monitoring Metabolism with NMR -- Chapter 9. Probabilistic Diffusion Constrains Self-Assembly -- Chapter 10. Sunlight as a driver of Abiogenesis: The Quantum Mechanics of the Absorption of Light by Biomolecules -- Chapter 11. The Physics of Water -- Chapter 12. Prebiotic Evolution: The Self Assembly of Primordial Biomolecules. 330 $aThis textbook serves to teach readers about the origins of life, the probabilistic process of self-assembly underpinning all living systems, from a biophysics perspective. The author cohesively summarizes the various organizing principles that led to the development of an ordered physical basis on which the evolution of life operates. This book answers critical questions, such as why life depends on the properties of inanimate objects and how the laws of physics, chemistry, and biology convolved to spontaneously produce the periodic table and, of course, life itself. Readers are provided with an introduction to probability distributions as well as detailed descriptions of important concepts in thermodynamics, statistical mechanics, and quantum mechanics. As the book progresses, an understanding for the inevitability of life is developed through topics such as stellar nucleosynthesis and prebiotic evolution. Each chapter also includes problems for readers to gain a better understanding of the material. This textbook is accessible to students and researchers of all levels and serves as a comprehensive guide on the physics behind abiogenesis. 606 $aBiophysics 606 $aBiomolecules 606 $aStatistical physics 606 $aBioorganic chemistry 606 $aGeochemistry 606 $aMicrobiology 606 $aExobiology 606 $aMolecular Biophysics 606 $aStatistical Physics 606 $aBioorganic Chemistry 606 $aGeochemistry 606 $aMicrobiology 606 $aAstrobiology 615 0$aBiophysics. 615 0$aBiomolecules. 615 0$aStatistical physics. 615 0$aBioorganic chemistry. 615 0$aGeochemistry. 615 0$aMicrobiology. 615 0$aExobiology. 615 14$aMolecular Biophysics. 615 24$aStatistical Physics. 615 24$aBioorganic Chemistry. 615 24$aGeochemistry. 615 24$aMicrobiology. 615 24$aAstrobiology. 676 $a571.4 700 $aSillerud$b Laurel O$01742640 801 0$bMiAaPQ 801 1$bMiAaPQ 801 2$bMiAaPQ 912 $a9910865265603321 996 $aAbiogenesis$94169356 997 $aUNINA